000 00354nam a22001457a 4500
020 _a978-1-78689-272-0
082 _a823
_bHAI/M
100 _aHAIG, MATT
245 _aTHE MIDNIGHT LIBRARY
246 _aTHE MIDNIGHT LIBRARY
_bTHE MIDNIGHT LIBRARY
260 _aU K
_bCANONGATE
_c2020
300 _a288
650 _aENGLISH FANTASY NOVEL
942 _cBK
999 _c8817
_d8817